000
00209 a2200097 4500
020
_a
9780823046133
041
_a
eng
100
_a
GRACE TAORMINA
245
_a
THE COMPLETE GUIDE FOR RUBBER STAMPING
942
_c
BK
999
_c
6548
_d
6548